[Event "O pohar mesta Klatov B - TANY open"]
[Site "Klatovy, Czech Republic"]
[Date "2025.07.04"]
[Round "7.11"]
[White "Sova, Zdenek"]
[Black "Stanke, Petr"]
[Result "1/2-1/2"]
[WhiteElo "1770"]
[BlackElo "1687"]
[PlyCount "43"]
[EventDate "2025.??.??"]

1. Nf3 d5 2. d4 Nf6 3. c4 c6 4. Nc3 e6 5. e3 Nbd7 6. Qc2 Bd6 7. Bd3 dxc4 8.
Bxc4 b5 9. Be2 Bb7 10. a3 O-O 11. O-O a5 12. Nd2 Qc7 13. f4 b4 14. Nce4 c5 15.
Nxd6 Qxd6 16. Nc4 Qc7 17. dxc5 Qxc5 18. b3 Bd5 19. Bb2 Qc6 20. Bf3 a4 21. Rac1
Rfc8 22. Qd1 1/2-1/2

[Event "O pohar mesta Klatov B - TANY open"]
[Site "Klatovy, Czech Republic"]
[Date "2025.07.04"]
[Round "7.12"]
[White "Spackova, Martina"]
[Black "Brychta, David"]
[Result "0-1"]
[WhiteElo "1752"]
[BlackElo "1670"]
[PlyCount "54"]
[EventDate "2025.??.??"]

1. e4 c6 2. d4 d5 3. e5 e6 4. f4 c5 5. c3 Nc6 6. Nf3 cxd4 7. Nxd4 Qb6 8. Bb5
Bd7 9. Qa4 a6 10. Be3 Rc8 11. Bxc6 Bxc6 12. Qc2 a5 13. a4 Bc5 14. g4 Bd7 15.
Qe2 Ne7 16. Na3 Bxa4 17. Nc4 dxc4 18. Rxa4 Bxd4 19. Bxd4 Qc6 20. O-O Qxa4 21.
f5 Nd5 22. fxe6 fxe6 23. g5 Qd7 24. Qh5+ g6 25. Qh6 Qe7 26. h4 Rg8 27. h5 Qg7
0-1

[Event "O pohar mesta Klatov B - TANY open"]
[Site "Klatovy, Czech Republic"]
[Date "2025.07.04"]
[Round "7.13"]
[White "Rudlof, Jan 1974"]
[Black "Janouskova, Eliska"]
[Result "1-0"]
[WhiteElo "1699"]
[BlackElo "1744"]
[PlyCount "129"]
[EventDate "2025.??.??"]

1. d4 f5 2. Bg5 g6 3. Nc3 Bg7 4. e3 Nf6 5. h4 h6 6. Bxf6 Bxf6 7. g4 e6 8. gxf5
exf5 9. h5 g5 10. Bd3 d6 11. Qf3 g4 12. Qg2 Nc6 13. O-O-O Bd7 14. Nge2 Qe7 15.
Nd5 Qd8 16. Ng3 Be6 17. Nxf6+ Qxf6 18. d5 Bd7 19. dxc6 Bxc6 20. e4 Qg5+ 21. Kb1
f4 22. Nf1 O-O-O 23. Nh2 Rhg8 24. Rdg1 Bd7 25. Qf1 Qe5 26. Qe1 f3 27. Nf1 Rg5
28. Ng3 Rdg8 29. Qd2 Be8 30. Qc3 Qxc3 31. bxc3 Rc5 32. Kb2 Rgg5 33. Rh4 Bd7 34.
Re1 Be6 35. Rhh1 Ra5 36. c4 Rac5 37. Kc3 b5 38. Nf5 bxc4 39. Bf1 Bxf5 40. exf5
Rgxf5 41. Re4 Rxh5 42. Rxh5 Rxh5 43. Rxg4 Rh2 44. Bxc4 Rxf2 45. Rh4 Rg2 46.
Rxh6 f2 47. Rf6 Rh2 48. Bf1 Kb7 49. Kd2 Kb6 50. Rf4 c5 51. Ke2 Ka5 52. Rxf2
Rxf2+ 53. Kxf2 Kb4 54. Ke1 Kc3 55. Kd1 a5 56. Kc1 a4 57. Bg2 a3 58. Bf3 c4 59.
Bg2 Kd4 60. Kd2 c3+ 61. Ke2 Kc4 62. Ke3 d5 63. Bf1+ Kc5 64. Kd3 d4 65. Bg2 1-0

[Event "O pohar mesta Klatov B - TANY open"]
[Site "Klatovy, Czech Republic"]
[Date "2025.07.04"]
[Round "7.14"]
[White "Strazhnyk, Viktoriia"]
[Black "Studnicka, Ondrej"]
[Result "1-0"]
[WhiteElo "1715"]
[BlackElo "1611"]
[PlyCount "45"]
[EventDate "2025.??.??"]

1. e4 c5 2. Nf3 Nc6 3. d4 cxd4 4. Nxd4 g6 5. Nc3 Bg7 6. Be3 Nf6 7. Bc4 O-O 8.
Bb3 d6 9. f3 Bd7 10. Qd2 Rc8 11. O-O-O Na5 12. h4 Nc4 13. Bxc4 Rxc4 14. h5 a6
15. Nde2 b5 16. Bh6 b4 17. Bxg7 Kxg7 18. Nd5 Nxd5 19. exd5 Bf5 20. Nd4 e5 21.
dxe6 fxe6 22. Nxf5+ Rxf5 23. hxg6 1-0

[Event "O pohar mesta Klatov B - TANY open"]
[Site "Klatovy, Czech Republic"]
[Date "2025.07.04"]
[Round "7.15"]
[White "Tykalova, Barbora"]
[Black "Jelinek, Jan"]
[Result "0-1"]
[WhiteElo "1575"]
[BlackElo "1704"]
[PlyCount "56"]
[EventDate "2025.??.??"]

1. e4 c5 2. Nf3 e6 3. d4 d5 4. exd5 exd5 5. Bb5+ Nc6 6. O-O Bd6 7. dxc5 Bxc5 8.
c4 Nge7 9. Nc3 Be6 10. Na4 Bd6 11. c5 Bc7 12. Nd4 O-O 13. Nxe6 fxe6 14. Qg4 Rf6
15. Bg5 Ne5 16. Qh4 Rf7 17. f4 N5g6 18. Qh3 h6 19. Qxe6 hxg5 20. fxg5 Nf4 21.
Rxf4 Bxf4 22. g6 Nxg6 23. Qxg6 Qh4 24. g3 Be3+ 25. Kh1 Qh3 26. Qd6 Rf2 27. g4
Qf3+ 28. Kg1 Qg2# 0-1

[Event "O pohar mesta Klatov B - TANY open"]
[Site "Klatovy, Czech Republic"]
[Date "2025.07.04"]
[Round "7.16"]
[White "Beran, Jakub"]
[Black "Marko, Ondrej"]
[Result "1/2-1/2"]
[WhiteElo "1871"]
[BlackElo "1638"]
[PlyCount "47"]
[EventDate "2025.??.??"]

1. c4 d6 2. d4 e5 3. dxe5 dxe5 4. Qxd8+ Kxd8 5. Nf3 f6 6. Nc3 c6 7. e4 Be6 8.
Be2 Nd7 9. O-O Kc7 10. Be3 Nh6 11. h3 Nf7 12. Rfd1 Nd6 13. b3 b6 14. Rac1 Nb7
15. Nh2 g5 16. Bg4 Bxg4 17. hxg4 Bb4 18. Nf1 h5 19. gxh5 Rxh5 20. Ng3 Rh7 21.
Bd2 Bxc3 22. Rxc3 Rah8 23. f3 Nbc5 24. b4 1/2-1/2

[Event "O pohar mesta Klatov B - TANY open"]
[Site "Klatovy, Czech Republic"]
[Date "2025.07.04"]
[Round "7.17"]
[White "Souralova, Alena"]
[Black "Polak, Daniel"]
[Result "1-0"]
[WhiteElo "1593"]
[BlackElo "1848"]
[PlyCount "119"]
[EventDate "2025.??.??"]

1. e4 c5 2. Nf3 Nc6 3. d4 cxd4 4. Nxd4 e5 5. Nf3 d6 6. Nc3 f5 7. exf5 Bxf5 8.
Bc4 Nb4 9. Bb5+ Nc6 10. O-O Nf6 11. Be3 Be7 12. Qe2 O-O 13. Rad1 Qc7 14. Bc4+
Kh8 15. Ng5 Nd8 16. Rd2 h6 17. Nf3 a6 18. Nh4 Bh7 19. Nf3 Nc6 20. Rfd1 Rad8 21.
Nd5 Nxd5 22. Bxd5 Nb4 23. Bb3 Bg8 24. Bxg8 Kxg8 25. c3 Nc6 26. Qc4+ Kh8 27. Qb3
b5 28. Qe6 Rf6 29. Qg4 Qd7 30. Qxd7 Rxd7 31. Rd5 Rg6 32. Nxe5 Nxe5 33. Rxe5
dxe5 34. Rxd7 Rd6 35. Rxd6 Bxd6 36. Kf1 Kg8 37. Ke2 Kf7 38. Kf3 Kf6 39. Ke4 Ke6
40. f4 exf4 41. Bxf4 Bc5 42. h3 g5 43. Be5 h5 44. g4 hxg4 45. hxg4 Bf2 46. Bd4
Bg3 47. Bb6 Bf4 48. Bd8 Bc1 49. b3 Bd2 50. Kd3 Bf4 51. c4 bxc4+ 52. Kxc4 Kd6
53. Kd4 Bd2 54. a4 a5 55. Kd3 Kd7 56. Kxd2 Kxd8 57. Kd3 Kd7 58. Kc4 Kc6 59. b4
axb4 60. Kxb4 1-0

[Event "O pohar mesta Klatov B - TANY open"]
[Site "Klatovy, Czech Republic"]
[Date "2025.07.04"]
[Round "7.18"]
[White "Benes, Jan Jeronym"]
[Black "Mascak, Milan"]
[Result "1-0"]
[WhiteElo "1581"]
[BlackElo "1785"]
[PlyCount "89"]
[EventDate "2025.??.??"]

1. e4 b6 2. d4 e6 3. Bd3 Bb7 4. c4 Ne7 5. Nf3 d6 6. O-O Nd7 7. Nc3 Ng6 8. Re1
Be7 9. g3 e5 10. d5 h5 11. h4 Nc5 12. Be2 Bc8 13. Ng5 Bg4 14. Bxg4 hxg4 15.
Qxg4 Nd3 16. Rd1 Nxc1 17. Ne6 fxe6 18. Qxg6+ Kf8 19. dxe6 Kg8 20. Qf7+ Kh7 21.
Raxc1 Rf8 22. Qh5+ Kg8 23. Rd3 c6 24. Rf3 Bf6 25. g4 Qe8 26. Qxe8 Raxe8 27. g5
Bd8 28. Kg2 Rxe6 29. Rd1 Rxf3 30. Kxf3 Kf7 31. Kg4 g6 32. Rh1 Be7 33. h5 gxh5+
34. Kf5 Rg6 35. Rxh5 Bf8 36. Rh7+ Bg7 37. Ne2 Re6 38. Ng3 Re8 39. Nh5 Rg8 40.
g6+ Kf8 41. Rxg7 Rxg7 42. Nxg7 Kxg7 43. Ke6 Kxg6 44. Kxd6 Kf6 45. b4 1-0

[Event "O pohar mesta Klatov B - TANY open"]
[Site "Klatovy, Czech Republic"]
[Date "2025.07.04"]
[Round "7.19"]
[White "Munkhbayar, Unurbayar"]
[Black "Svejdar, Pavel"]
[Result "1-0"]
[WhiteElo "1577"]
[BlackElo "1729"]
[PlyCount "59"]
[EventDate "2025.??.??"]

1. e4 e6 2. d4 d5 3. Nc3 Bb4 4. e5 c5 5. a3 Bxc3+ 6. bxc3 cxd4 7. cxd4 Ne7 8.
Qg4 Ng6 9. Bd3 Nc6 10. Nf3 Bd7 11. O-O Nce7 12. Bg5 Rc8 13. h4 h6 14. Bxe7 Qxe7
15. h5 Nxe5 16. Nxe5 O-O 17. Rfe1 Ba4 18. c4 dxc4 19. Bxc4 b5 20. Bd3 Rc3 21.
Qe4 f5 22. Qe3 Rfc8 23. Rec1 Qh4 24. Rxc3 Rxc3 25. Nf3 Qf6 26. Qd2 Rc6 27. Rc1
Rb6 28. Ne5 Qh4 29. Be2 Rd6 30. Rc8+ 1-0

[Event "O pohar mesta Klatov B - TANY open"]
[Site "Klatovy, Czech Republic"]
[Date "2025.07.04"]
[Round "7.20"]
[White "Zelenka, Tomas"]
[Black "Krivka, Jakub"]
[Result "1-0"]
[WhiteElo "1708"]
[BlackElo "1550"]
[PlyCount "55"]
[EventDate "2025.??.??"]

1. e4 c5 2. Nf3 Nc6 3. d4 cxd4 4. Nxd4 e6 5. Nc3 Bb4 6. Nxc6 bxc6 7. Qd4 Bxc3+
8. Qxc3 Nf6 9. Bd3 Bb7 10. O-O d5 11. e5 Nd7 12. Bf4 Qc7 13. Bg3 c5 14. Rae1 a5
15. f4 Ba6 16. Bxa6 Rxa6 17. f5 c4 18. Kh1 Nc5 19. Bh4 Ne4 20. Qd4 Qb6 21. Rxe4
dxe4 22. Qxc4 Qc6 23. Rd1 O-O 24. Qe2 Qb7 25. f6 g5 26. Qh5 Kh8 27. Qh6 Rg8 28.
Rd8 1-0

[Event "O pohar mesta Klatov B - TANY open"]
[Site "Klatovy, Czech Republic"]
[Date "2025.07.04"]
[Round "7.21"]
[White "Hurka, Alexej"]
[Black "Bukvaj, Jan"]
[Result "0-1"]
[WhiteElo "1465"]
[BlackElo "1705"]
[PlyCount "88"]
[EventDate "2025.??.??"]

1. e4 b6 2. Bc4 Bb7 3. Nc3 e6 4. Qe2 Nf6 5. f3 Be7 6. d4 d5 7. e5 Nfd7 8. Bd3
c5 9. dxc5 bxc5 10. Bb5 Nc6 11. f4 a6 12. Bxc6 Bxc6 13. a4 Nb6 14. b3 d4 15.
Ne4 Qd5 16. Nf2 Qxg2 17. Ngh3 Bh4 18. Qf1 Qxh1 19. Qxh1 Bxh1 20. Ke2 Bxf2 21.
Nxf2 Bb7 22. Kd3 Bd5 23. a5 Nd7 24. c4 dxc3 25. Kxc3 Rb8 26. Rb1 O-O 27. Ba3
Rfc8 28. h4 Rb7 29. Nd1 f6 30. exf6 Nxf6 31. Ne3 Ne4+ 32. Kc2 Rb5 33. Nxd5 exd5
34. Rg1 Rxa5 35. Bb2 d4 36. Rg2 Rb5 37. Kd3 Nd6 38. h5 Rxb3+ 39. Kc2 Rxb2+ 40.
Kxb2 Rb8+ 41. Kc1 Rf8 42. h6 g6 43. Rg4 Rf5 44. Kd2 c4 0-1

[Event "O pohar mesta Klatov B - TANY open"]
[Site "Klatovy, Czech Republic"]
[Date "2025.07.04"]
[Round "7.22"]
[White "Tereshonkov, Stanislav"]
[Black "Pucholt, Martin"]
[Result "0-1"]
[WhiteElo "1440"]
[BlackElo "1700"]
[PlyCount "80"]
[EventDate "2025.??.??"]

1. e4 c5 2. Nf3 e6 3. Nc3 a6 4. h3 Qc7 5. d4 cxd4 6. Qxd4 Nc6 7. Qd1 Nf6 8. Bg5
Be7 9. a3 O-O 10. Bc4 b5 11. Bb3 Bb7 12. O-O d6 13. Re1 Rad8 14. Qd2 Rfe8 15.
Re3 Na5 16. Ba2 Nc4 17. Bxc4 Qxc4 18. Qe1 Rc8 19. Rc1 Qc7 20. Qd1 Rcd8 21. Qe2
Qb6 22. Rd1 Rc8 23. Red3 e5 24. Bxf6 gxf6 25. Nd5 Bxd5 26. Rxd5 Kh8 27. Nh4 Qc7
28. R1d2 Rg8 29. Nf5 Rg6 30. Nxe7 Qxe7 31. Rxd6 Rcg8 32. g3 Qa7 33. Qf3 Rxg3+
34. Qxg3 Rxg3+ 35. Kh2 Rg6 36. Rd7 Qc5 37. Rxf7 Rg8 38. c3 Qc4 39. Rd1 Qxe4 40.
f3 Qe2+ 0-1

[Event "O pohar mesta Klatov B - TANY open"]
[Site "Klatovy, Czech Republic"]
[Date "2025.07.04"]
[Round "7.23"]
[White "Kusova, Nikola"]
[Black "Irber, Jonas"]
[Result "1-0"]
[WhiteElo "1688"]
[BlackElo "1441"]
[PlyCount "79"]
[EventDate "2025.??.??"]

1. e4 c5 2. Nf3 Nc6 3. d4 cxd4 4. Nxd4 g6 5. Nc3 Bg7 6. Be3 Nf6 7. Nxc6 bxc6 8.
e5 Ng8 9. Bd4 Qc7 10. Bc4 c5 11. Qf3 f6 12. exf6 exf6 13. Nb5 Qb8 14. Bxc5 Qe5+
15. Qe3 Qxe3+ 16. fxe3 Kd8 17. Bxa7 Ne7 18. Bb6+ Ke8 19. Nc7+ Kf8 20. Nxa8 Bb7
21. Nc7 Bxg2 22. Rg1 Be4 23. a4 Nf5 24. Kd2 Bh6 25. a5 Bxe3+ 26. Bxe3 Nh4 27.
Be2 Ke7 28. a6 Rc8 29. Bb6 Rb8 30. Ba5 Rxb2 31. Rgc1 Ng2 32. Bd3 Bc6 33. a7 Nf4
34. Re1+ Kf7 35. Be4 d5 36. Bf3 g5 37. Reb1 Rxb1 38. Rxb1 h5 39. Rb6 Ba8 40.
Nxa8 1-0

[Event "O pohar mesta Klatov B - TANY open"]
[Site "Klatovy, Czech Republic"]
[Date "2025.07.04"]
[Round "7.29"]
[White "Stastny, Matej"]
[Black "Mourycova, Iva"]
[Result "1-0"]
[WhiteElo "1700"]
[BlackElo "1522"]
[PlyCount "35"]
[EventDate "2025.??.??"]

1. e4 c5 2. Nc3 d6 3. Bc4 Nc6 4. d3 Nf6 5. f4 g6 6. Nf3 Bg7 7. O-O O-O 8. Qe1
e6 9. Qh4 Nh5 10. Qh3 e5 11. f5 Nf6 12. Bh6 Nh5 13. Bxg7 Kxg7 14. Nd5 a6 15. g4
Nf6 16. Nxf6 Qxf6 17. g5 Qd8 18. Qh6+ 1-0

[Event "O pohar mesta Klatov B - TANY open"]
[Site "Klatovy, Czech Republic"]
[Date "2025.07.04"]
[Round "7.30"]
[White "Kolman, Jiri"]
[Black "Ugrenovich, George"]
[Result "1/2-1/2"]
[WhiteElo "1615"]
[BlackElo "1507"]
[PlyCount "31"]
[EventDate "2025.??.??"]

1. d4 d5 2. c4 e6 3. Nc3 Nf6 4. Nf3 c5 5. cxd5 Nxd5 6. Bg5 f6 7. Bh4 Nxc3 8.
bxc3 cxd4 9. Qxd4 Qxd4 10. cxd4 Nc6 11. e3 Bb4+ 12. Nd2 O-O 13. Bc4 Bxd2+ 14.
Kxd2 Rd8 15. Ke2 Kh8 16. Rhd1 1/2-1/2

[Event "O pohar mesta Klatov B - TANY open"]
[Site "Klatovy, Czech Republic"]
[Date "2025.07.04"]
[Round "7.31"]
[White "Suchanek, Petr"]
[Black "Brychta, Adam"]
[Result "1-0"]
[WhiteElo "1526"]
[BlackElo "1563"]
[PlyCount "109"]
[EventDate "2025.??.??"]

1. d4 d5 2. c4 e6 3. Nc3 Nf6 4. Nf3 c5 5. e3 Nc6 6. Bd3 Be7 7. O-O O-O 8. a3 h6
9. cxd5 exd5 10. dxc5 Bxc5 11. b4 Be7 12. Bb2 Bg4 13. h3 Bxf3 14. Qxf3 Ne5 15.
Qf5 Nxd3 16. Qxd3 Qd7 17. Rfd1 Rfd8 18. Rd2 Qd6 19. Rad1 Rd7 20. Qd4 b6 21. Ne2
Rad8 22. Rc1 Nh5 23. Nf4 Qf6 24. Nxh5 Qxd4 25. Bxd4 g6 26. Nf6+ Bxf6 27. Bxf6
Re8 28. Rcd1 Re6 29. Bb2 g5 30. Rxd5 Rxd5 31. Rxd5 Rc6 32. Rd8+ Kh7 33. Rd7 Kg6
34. Rxa7 Rc2 35. Bd4 Rc1+ 36. Kh2 Rc2 37. Ra6 Rxf2 38. Rxb6+ f6 39. a4 h5 40.
Rxf6+ Rxf6 41. Bxf6 Kxf6 42. a5 Ke6 43. a6 h4 44. a7 Kf5 45. a8=Q Kg6 46. Qe4+
Kf6 47. b5 g4 48. hxg4 Kg5 49. Qf5+ Kh6 50. b6 h3 51. b7 hxg2 52. b8=Q g1=Q+
53. Kxg1 Kg7 54. Qc7+ Kh6 55. Qch7# 1-0

[Event "O pohar mesta Klatov B - TANY open"]
[Site "Klatovy, Czech Republic"]
[Date "2025.07.04"]
[Round "7.32"]
[White "Stepnicka, Filip"]
[Black "Cerny, Cenek"]
[Result "1-0"]
[WhiteElo "1563"]
[BlackElo "1464"]
[PlyCount "77"]
[EventDate "2025.??.??"]

1. c4 e5 2. g3 Nf6 3. Bg2 Be7 4. d3 Nc6 5. Nf3 d5 6. cxd5 Nxd5 7. O-O O-O 8. b3
f5 9. Bb2 Bd6 10. Nbd2 f4 11. Nc4 fxg3 12. hxg3 Be6 13. Ncxe5 Nxe5 14. Nxe5
Bxe5 15. Bxe5 Rf5 16. Bb2 Rh5 17. e4 Nf6 18. Bxf6 Qxf6 19. Qxh5 Rf8 20. Qe2 Qg5
21. Qe3 Qh5 22. Qd4 Rf6 23. Qd8+ Kf7 24. Qxc7+ Kg8 25. Qb8+ Kf7 26. Qxb7+ Kg8
27. Qb8+ Kf7 28. Qxa7+ Kg8 29. Qb8+ Kf7 30. Rac1 Rh6 31. Rc7+ Kf6 32. Qf8+ Ke5
33. Qf4+ Kd4 34. Qd6+ Bd5 35. Qc5+ Ke5 36. Qxd5+ Kf6 37. Qd6+ Kg5 38. Rc5+ Kg4
39. Qf4# 1-0

[Event "O pohar mesta Klatov B - TANY open"]
[Site "Klatovy, Czech Republic"]
[Date "2025.07.04"]
[Round "7.33"]
[White "Veverka, Max"]
[Black "Vratny, Vojtech"]
[Result "0-1"]
[WhiteElo "1510"]
[BlackElo "1557"]
[PlyCount "104"]
[EventDate "2025.??.??"]

1. d4 Nf6 2. Bf4 g6 3. e3 Bg7 4. Nf3 d6 5. Bd3 O-O 6. Nbd2 Nbd7 7. O-O Re8 8.
c3 e5 9. Bg5 h6 10. Bxf6 Nxf6 11. e4 b6 12. Re1 Nh5 13. Nf1 Nf4 14. Ng3 Nxd3
15. Qxd3 Qd7 16. d5 f5 17. Nh4 f4 18. Ne2 Qf7 19. Nf3 g5 20. Nd2 Rf8 21. f3 a5
22. c4 h5 23. Rf1 g4 24. a3 h4 25. Rab1 h3 26. g3 Qh5 27. b4 fxg3 28. Nxg3 Qg5
29. Qc3 Bh6 30. Rb2 Qe3+ 31. Qxe3 Bxe3+ 32. Kh1 Bxd2 33. Rxd2 Rxf3 34. Rxf3
gxf3 35. Rf2 Bg4 36. Kg1 axb4 37. axb4 Ra1+ 38. Rf1 Ra4 39. Rb1 Ra2 40. Kf1
Rxh2 41. Rc1 Rg2 42. Nh1 h2 43. Ke1 Rg1+ 44. Kd2 Rxc1 45. Kxc1 f2 46. Nxf2 Bf3
47. Kd2 h1=Q 48. Nxh1 Bxh1 49. Ke3 Kf7 50. Kd3 Kf6 51. Ke3 Kg5 52. b5 Kg4 0-1

[Event "O pohar mesta Klatov B - TANY open"]
[Site "Klatovy, Czech Republic"]
[Date "2025.07.04"]
[Round "7.34"]
[White "Tomes, Jan"]
[Black "Strazhnyk, Yevhen"]
[Result "0-1"]
[WhiteElo "1459"]
[BlackElo "1545"]
[PlyCount "116"]
[EventDate "2025.??.??"]

1. e4 e5 2. Nf3 Nc6 3. Bc4 Bc5 4. Nc3 Nf6 5. d3 d6 6. h3 a6 7. a3 b5 8. Ba2 h6
9. b4 Bb6 10. Be3 Nd4 11. Bxd4 exd4 12. Ne2 c5 13. O-O O-O 14. c4 dxc3 15. Nxc3
Bd7 16. Nd5 Nxd5 17. Bxd5 Rb8 18. Qd2 Be6 19. Qa2 Qf6 20. Bxe6 Qxe6 21. Qxe6
fxe6 22. Nd2 Rf7 23. Kh1 d5 24. f3 Rd7 25. Ra2 c4 26. exd5 exd5 27. dxc4 bxc4
28. Rc2 Rc8 29. Rc3 Bd4 30. Rc2 c3 31. Nb3 Bb6 32. Rd1 d4 33. Rd3 a5 34. g4
axb4 35. axb4 Rc4 36. Nc1 Rb7 37. b5 Ba7 38. Ra2 Bc5 39. Nb3 Rxb5 40. Nxc5
Rbxc5 41. Rc2 Rb4 42. Kg2 Rb2 43. Rxb2 cxb2 44. Rb3 d3 45. Kf2 d2 46. Ke2 Rc1
47. Kxd2 b1=Q 48. Rxb1 Rxb1 49. h4 Rb3 50. Ke2 Kf7 51. Kf2 Kf6 52. Kg3 g5 53.
h5 Ke5 54. Kg2 Kf4 55. Kg1 Kxf3 56. Kh2 Rb4 57. Kg1 Rb2 58. Kh1 Kg3 0-1

[Event "O pohar mesta Klatov B - TANY open"]
[Site "Klatovy, Czech Republic"]
[Date "2025.07.04"]
[Round "7.35"]
[White "Vanousek, Zdenek"]
[Black "Chmelova, Klara"]
[Result "1-0"]
[WhiteElo "1423"]
[BlackElo "1531"]
[PlyCount "125"]
[EventDate "2025.??.??"]

1. d4 Nf6 2. g3 g6 3. Bg2 Bg7 4. c4 d6 5. Nc3 O-O 6. Nf3 Nbd7 7. e4 e5 8. d5
Nb6 9. b3 Re8 10. O-O c6 11. Re1 Bg4 12. dxc6 bxc6 13. Ba3 d5 14. h3 Bxf3 15.
Bxf3 dxc4 16. bxc4 Nxc4 17. Qa4 Nb6 18. Qc2 Qd7 19. Bg2 Red8 20. Kh2 Rab8 21.
Rad1 Qe6 22. h4 Rd7 23. Bh3 Rxd1 24. Bxe6 Rxe1 25. Qd2 Rf1 26. Bxf7+ Kxf7 27.
Qe2 Rxf2+ 28. Qxf2 Kg8 29. Qe1 Bf8 30. Bxf8 Kxf8 31. Qf2 Kg7 32. Qc5 Rf8 33.
Qxe5 Nbd7 34. Qc7 Rf7 35. Qxc6 Ng4+ 36. Kg2 Rf2+ 37. Kg1 Nde5 38. Qc7+ Kh6 39.
Qxe5 Nxe5 40. Kxf2 g5 41. Nd5 a5 42. a4 gxh4 43. gxh4 Nd3+ 44. Kg3 Nc5 45. Nc3
Kg6 46. Kg4 h5+ 47. Kf4 Kf6 48. Nd5+ Ke6 49. Nb6 Kf6 50. Nc4 Nxa4 51. Nxa5 Nb6
52. Nb3 Nd7 53. Nd4 Kg6 54. e5 Nc5 55. Nf3 Ne6+ 56. Ke4 Kf7 57. Ng5+ Nxg5+ 58.
hxg5 Kg6 59. e6 Kg7 60. Kf4 Kg6 61. Kg3 Kxg5 62. e7 Kf6 63. e8=Q 1-0

[Event "O pohar mesta Klatov B - TANY open"]
[Site "Klatovy, Czech Republic"]
[Date "2025.07.04"]
[Round "7.39"]
[White "Bobrakov-Timoskin, Denis"]
[Black "Zimovcak, Zdenek"]
[Result "0-1"]
[WhiteElo "1551"]
[BlackElo "1716"]
[PlyCount "64"]
[EventDate "2025.??.??"]

1. d4 d5 2. c4 e6 3. Nc3 c6 4. cxd5 exd5 5. e3 Nf6 6. Qc2 Bb4 7. Bd2 O-O 8. Bd3
h6 9. Nge2 Nbd7 10. O-O-O b5 11. a3 Be7 12. Na2 Bb7 13. Kb1 a5 14. Nec1 Qb6 15.
Nb3 b4 16. axb4 axb4 17. Rde1 c5 18. dxc5 Nxc5 19. Nxc5 Bxc5 20. Qb3 Rxa2 21.
Kxa2 Bc6 22. Ra1 Ne4 23. Bxe4 dxe4 24. Kb1 Rd8 25. Rd1 Rd3 26. Qc4 Bd5 27. Qc1
Bb3 28. Re1 Rd7 29. Bxb4 Bxb4 30. Ra8+ Rd8 31. Rxd8+ Qxd8 32. Rf1 Qd3+ 0-1

[Event "O pohar mesta Klatov B - TANY open"]
[Site "Klatovy, Czech Republic"]
[Date "2025.07.04"]
[Round "7.40"]
[White "Bartosik, Denis"]
[Black "Kasik, Denis"]
[Result "0-1"]
[WhiteElo "1505"]
[BlackElo "1692"]
[PlyCount "60"]
[EventDate "2025.??.??"]

1. c4 e6 2. Nc3 d5 3. cxd5 exd5 4. d4 Nf6 5. g3 Bd6 6. Bg2 c6 7. Bg5 O-O 8. e3
Nbd7 9. Nge2 h6 10. Bf4 Qc7 11. Bxd6 Qxd6 12. O-O Re8 13. Re1 Nf8 14. Rc1 Bf5
15. a3 b5 16. Qd2 a5 17. b3 Qxa3 18. Na2 Qd6 19. b4 a4 20. Rc3 N8d7 21. Rec1
Rac8 22. Nf4 Nb6 23. Qe1 Ne4 24. Bxe4 Bxe4 25. Rc5 g5 26. Ne2 Bd3 27. R5c3 Bc4
28. Qd2 Nd7 29. R3c2 Nf6 30. f3 Qe7 0-1

[Event "O pohar mesta Klatov B - TANY open"]
[Site "Klatovy, Czech Republic"]
[Date "2025.07.04"]
[Round "7.41"]
[White "Rudlof, Jan 2006"]
[Black "Urbanek, Alexandr Jan"]
[Result "1-0"]
[WhiteElo "1653"]
[BlackElo "1489"]
[PlyCount "91"]
[EventDate "2025.??.??"]

1. e4 c5 2. Nf3 Nc6 3. d4 cxd4 4. Nxd4 g6 5. Nc3 Bg7 6. Nxc6 bxc6 7. Bc4 Nf6 8.
O-O O-O 9. Re1 Bb7 10. Bf4 d5 11. exd5 cxd5 12. Bb3 e6 13. Be5 Rc8 14. Qd4 a6
15. Re3 Nh5 16. Bxg7 Nxg7 17. Rae1 Nf5 18. Qb4 Nxe3 19. Qxb7 Nf5 20. Qxa6 Qd6
21. Qd3 Rb8 22. a3 Rfc8 23. Rd1 Qe5 24. Kh1 Qg7 25. Na4 Nd6 26. Nc3 Nb7 27. Na4
Na5 28. Ba2 Nc4 29. b4 Nb2 30. Nxb2 Qxb2 31. Bb1 Rc3 32. Qd4 Qxa3 33. Qe5 Qxb4
34. h3 Qb2 35. Qf4 Rc4 36. Qg3 Ra8 37. Kh2 Ra1 38. Rd3 Qxb1 39. Qg5 Rxc2 40.
Qd8+ Kg7 41. Rf3 Qb2 42. Qe7 Rxf2 43. Qxf7+ Kh6 44. Rxf2 Qe5+ 45. g3 Ra3 46.
Qf8+ 1-0

[Event "O pohar mesta Klatov B - TANY open"]
[Site "Klatovy, Czech Republic"]
[Date "2025.07.04"]
[Round "7.44"]
[White "Vasko, Pavel"]
[Black "Koukola, Stepan"]
[Result "1-0"]
[WhiteElo "1600"]
[BlackElo "1412"]
[PlyCount "87"]
[EventDate "2025.??.??"]

1. e4 e6 2. d4 d5 3. e5 c5 4. c3 Ne7 5. Bd3 Nec6 6. Nf3 b6 7. O-O Ba6 8. Be3
Be7 9. b3 Bxd3 10. Qxd3 O-O 11. a3 a5 12. Nbd2 Qd7 13. a4 cxd4 14. cxd4 Nb4 15.
Qb1 b5 16. Rc1 N8a6 17. Ne1 Rfc8 18. Ndf3 Rab8 19. axb5 Qxb5 20. h3 h6 21. Qb2
Nc6 22. Rab1 a4 23. Rc3 Rb6 24. Qa2 Rcb8 25. Nd2 Na5 26. bxa4 Qd7 27. Rxb6 Rxb6
28. Qc2 Nb4 29. Rc8+ Bf8 30. Qc7 Qxc7 31. Rxc7 Ra6 32. Nb1 Nc4 33. Nc3 Nc6 34.
Nd3 N6a5 35. Rc8 Rb6 36. Nc5 Rc6 37. Ra8 Rc7 38. Nb5 Re7 39. Bd2 Nc6 40. Bc3 f6
41. f4 fxe5 42. fxe5 Kf7 43. Nd6+ Kg8 44. a5 1-0

[Event "O pohar mesta Klatov B - TANY open"]
[Site "Klatovy, Czech Republic"]
[Date "2025.07.04"]
[Round "7.45"]
[White "Vavrousek, Petr"]
[Black "Oliberius, Alex"]
[Result "1-0"]
[WhiteElo "1679"]
[BlackElo "1431"]
[PlyCount "99"]
[EventDate "2025.??.??"]

1. e4 e5 2. Nf3 Nc6 3. Bb5 Nf6 4. O-O Nxe4 5. d4 d6 6. dxe5 a6 7. Ba4 Nc5 8.
Bxc6+ bxc6 9. exd6 cxd6 10. Re1+ Be7 11. Bg5 Be6 12. Bxe7 Qxe7 13. Nd4 Qd7 14.
Nf5 O-O 15. Qxd6 Bxf5 16. Qxc5 Rfe8 17. Na3 Rxe1+ 18. Rxe1 Re8 19. Rxe8+ Qxe8
20. Qa5 c5 21. h3 h6 22. Qxa6 Qe1+ 23. Qf1 Qxf1+ 24. Kxf1 g5 25. Ke2 g4 26.
hxg4 Bxg4+ 27. Ke3 Be6 28. b3 f5 29. Kf4 Bd5 30. f3 Bb7 31. Kxf5 Ba6 32. Nc4
Bxc4 33. bxc4 Kf7 34. a4 Ke7 35. Kg6 Kd7 36. f4 Kc7 37. f5 Kb6 38. f6 Ka5 39.
f7 Kxa4 40. f8=Q Kb4 41. Qf4 Kc3 42. Qe4 h5 43. Qd3+ Kb2 44. Kg5 h4 45. Kf4 h3
46. gxh3 Ka1 47. Ke3 Kb1 48. Kd2 Ka2 49. Kc1 Ka1 50. Qa3# 1-0

[Event "O pohar mesta Klatov B - TANY open"]
[Site "Klatovy, Czech Republic"]
[Date "2025.07.04"]
[Round "7.46"]
[White "Abraham, Darien"]
[Black "Vrkoc, Alexandr"]
[Result "1-0"]
[WhiteElo "1418"]
[BlackElo "1580"]
[PlyCount "85"]
[EventDate "2025.??.??"]

1. e4 e5 2. Nf3 Nc6 3. Bb5 f6 4. Nc3 Bc5 5. d3 a6 6. Bc4 b5 7. Bd5 Bb7 8. Be3
d6 9. a3 Nge7 10. b4 Nxd5 11. Nxd5 Ba7 12. O-O Nd4 13. c3 Ne6 14. d4 c6 15.
dxe5 cxd5 16. exd5 Ng5 17. h4 Nxf3+ 18. Qxf3 O-O 19. e6 Bxe3 20. Qxe3 Bxd5 21.
e7 Qc7 22. exf8=Q+ Kxf8 23. Qd4 Qc6 24. f3 Re8 25. Rad1 Bc4 26. Rf2 Re5 27.
Qxd6+ Qxd6 28. Rxd6 Re3 29. Rc2 Kf7 30. Rxa6 Kg6 31. Kf2 Rd3 32. Rb6 h5 33. Rc6
Kf5 34. Rc5+ Ke6 35. a4 Bb3 36. Re2+ Kd6 37. axb5 g6 38. Rc6+ Kd7 39. Rxf6 Rxc3
40. Re3 Rc2+ 41. Ke1 Bc4 42. Rc6 Rxg2 43. Rxc4 1-0